000 00661nam a2200205Ia 4500
003 GCL
008 140319s9999 xx 000 0 ara d
040 _aGCL /
_cGCL
082 0 4 _a910.32
_bف د
100 1 _aفتحى محمد ابوعيانة
245 1 0 _aدراسات فى الجغرافيا السياسية /
_cفتحى محمد ابوعيانة
300 _a430 ص
490 _a100 قصة
_v0
650 0 4 _aالسياسة الدولية
650 0 4 _aالجغرافيا السياسية
650 0 4 _aالحدود الدولية
650 0 4 _aالسياسة الداخلية
650 0 4 _aالجغرافيا السياحية
942 _2ddc
_cBK
999 _c45841
_d45841